RFID jako logistická technologie

Využitie rádiofrekvenčnej identifikácie v logistike a v niektorých odvetviach výroby. Prínosy využívania RFID. Využite RFID pri identifikácii vozidiel a kontrole jázd. RFID v skladoch. Optimalizácia skladov.

Saved in:
Bibliographic Details
Main Author: Ježek, Vladimír
Format: Book Chapter
Language:Czech
Subjects:
Tags: Add Tag
No Tags, Be the first to tag this record!

MARC

LEADER 00000naa a2200000 4500
001 0199820
005 20231211081042.6
041 0 |a cze 
044 |a CZ 
245 1 0 |a RFID jako logistická technologie  |c Vladimír Ježek 
520 |a Využitie rádiofrekvenčnej identifikácie v logistike a v niektorých odvetviach výroby. Prínosy využívania RFID. Využite RFID pri identifikácii vozidiel a kontrole jázd. RFID v skladoch. Optimalizácia skladov. 
610 2 0 |a identifikácia vysokofrekvenčná 
610 2 0 |a logistika 
610 2 0 |a sklady 
610 2 0 |a skladovanie 
610 2 0 |a preprava 
610 2 0 |a optimalizácia 
100 1 |a Ježek, Vladimír